| Tag |
First Indicator |
Second Indicator |
Subfields |
| LEADER |
00000cgm a2200000 a 4500 |
| 001 |
in00000032073 |
| 005 |
20151007055031.0 |
| 007 |
vf cbaho| |
| 008 |
861017s1985 ilu058| ||||| 0vleng d |
| 035 |
|
|
|a (OCoLC)14410177
|
| 035 |
|
|
|9 AAB7037AM
|
| 040 |
|
|
|a UMC
|c UMC
|d m/c
|d TXA
|d UtOrBLW
|
| 049 |
|
|
|a TXAV
|c [A10161407]
|
| 050 |
|
4 |
|a HB1323.I4
|b C44 1985
|
| 245 |
0 |
0 |
|a Child survival :
|b the silent emergency /
|c WGBH ; written, produced and directed by Linda Harrar.
|
| 264 |
|
1 |
|a Northbrook, Ill. :
|b Coronet Films & Video,
|c [1985]
|
| 264 |
|
4 |
|c ©1985
|
| 300 |
|
|
|a 1 videocassette (58 min.) :
|b sound, color ;
|c 1/2 in. +
|e teacher's guide.
|
| 336 |
|
|
|a two-dimensional moving image
|b tdi
|2 rdacontent
|
| 337 |
|
|
|a video
|b v
|2 rdamedia
|
| 338 |
|
|
|a videocassette
|b vf
|2 rdacarrier
|
| 490 |
1 |
|
|a Nova series
|
| 511 |
1 |
|
|a Richard Kiley.
|
| 508 |
|
|
|a Cameramen, Joe Vitagliano ... [et al.] ; animation, Jed Schwartz ; editor, Eric A. Neudel ; music, Kay Gardner, Paul Horn.
|
| 500 |
|
|
|a VHS format.
|
| 520 |
|
|
|a Examines infant mortality in the developing nations and looks at UNICEF's child survival revolution plan.
|
| 500 |
|
|
|a Teacher's guide inserted in container.
|
| 521 |
|
|
|a Sociology
|
| 500 |
|
|
|a Videorecording.
|
| 650 |
|
0 |
|a Infants
|x Mortality.
|
| 650 |
|
0 |
|a Children
|x Mortality.
|
| 710 |
2 |
|
|a WGBH (Television station : Boston, Mass.)
|
| 710 |
2 |
|
|a Coronet Films & Video.
|
| 830 |
|
0 |
|a Nova series.
|
| 999 |
|
|
|a MARS
|
| 999 |
f |
f |
|s 0010d204-d262-365e-bedd-1d3dd4f8e7bd
|i f920c5f0-62c5-3a88-9f77-b457eaf42a23
|t 0
|
| 952 |
f |
f |
|p ric
|a Texas A&M University
|b Rellis Campus
|c Joint Library Facility
|d Remote Storage
|t 0
|e HB1323.I4 C44 1985
|h Library of Congress classification
|i video -- videocassette
|m A14826971098
|
| 998 |
f |
f |
|a HB1323.I4 C44 1985
|t 0
|l Remote Storage
|